[Event "URS-ch otbor56"]
[Site "Uzhgorod"]
[Date "1988.??.??"]
[Round "?"]
[White "Gleizerov, Evgeny"]
[Black "Gurevich, Vladimir"]
[Result "0-1"]
[WhiteElo "2405"]
[BlackElo "2400"]

1.d4 Nf6 2.c4 e6 3.g3 c5 4.d5 exd5 5.cxd5 d6 6.Nc3 g6 7.Nf3 Bg7 8.Bg2 O-O
9.O-O a6 10.a4 Re8 11.Bf4 Ne4 12.Nxe4 Rxe4 13.Nd2 Rb4 14.Ra2 Qe7 15.b3 Be5
16.Bxe5 Qxe5 17.Nc4 Qe7 18.e4 Nd7 19.f4 Nb6 20.Nxb6 Rxb6 21.Re1 f6 22.Bf1 Bd7
23.Bc4 Kh8 24.a5 Rb4 25.e5 Bb5 26.exd6 Qxd6 27.Re6 Qd7 28.Qe2 Rxb3 29.Rd2 Rb1+
30.Kf2 Rf8 31.d6 Bc6 32.Qg4 Rh1 33.Qh3 h5 34.f5 Bb5 35.Bxb5 Qxb5 36.d7 Qxa5
37.Red6 Rd8 38.fxg6 c4 39.R6d5 Qb6+ 40.Ke2 Kg7 41.Rxh5  0-1

[Event "Warsaw"]
[Site "Warsaw"]
[Date "1988.??.??"]
[Round "9"]
[White "Briestensky, Rastislav"]
[Black "Latas, Boguslaw"]
[Result "0-1"]
[WhiteElo "2245"]
[BlackElo "2310"]

1.d4 Nf6 2.c4 e6 3.g3 c5 4.Nf3 a6 5.Bg2 b5 6.cxb5 axb5 7.O-O d5 8.dxc5 Bxc5
9.Nbd2 O-O 10.Nb3 Bd6 11.Bf4 Bxf4 12.gxf4 Qd6 13.e3 Nbd7 14.Qd4 Ra4 15.Qd3 Ba6
16.Rfc1 Rc4 17.Nbd2 Rc7 18.Rxc7 Qxc7 19.Qa3 Nb8 20.Nb3 Rc8 21.Rc1 Qxc1+ 22.Nxc1 Rxc1+
23.Bf1 Rxf1+ 24.Kg2 Rc1 25.Qe7 Rc8 26.Ne5 Rf8 27.f3 Bc8 28.Qc5 Bd7 29.Nxd7 Nbxd7
30.Qxb5 Rb8 31.Qe2 d4 32.exd4 Nd5 33.Kg3 Ne7 34.Qd2 Nf6 35.b4 Nf5+ 36.Kf2 Nd5
37.a3 Ra8 38.Qc1 g6 39.b5 Nxd4 40.Qc5 Nxb5 41.Qxb5 Rxa3 42.Qb8+ Kg7 43.Qe5+ Nf6
44.h4 h5 45.f5 exf5 46.Kg3 Ra6 47.Qb5 f4+ 48.Kxf4 Rd6 49.Qe5 Rd5 50.Qc3 Rf5+
51.Kg3 Kh7 52.Qc4 Nd7 53.Qe4 Ne5 54.f4 Nd7 55.Qe3 Nf6 56.Qb3 Ne4+ 57.Kh3 Nc5
58.Qb4 Ne6 59.Qe7 Rxf4 60.Kg3 Rf5 61.Kg2 Kg7 62.Kg3 Rf4 63.Kg2 Ra4 64.Kf2 Rc4
65.Kg2 Rc8 66.Qb4 Kg8 67.Qb7 Rd8 68.Qe7 Rd2+ 69.Kf3 Ng7 70.Kf4 Rf2+ 71.Kg5 Rg2+
72.Kf6 Rf2+ 73.Kg5 Kh7 74.Qxf7 Rf5+  0-1

[Event "Zuerich op"]
[Site "Zuerich"]
[Date "1988.??.??"]
[Round "3"]
[White "Fabbri, Mario"]
[Black "Suess, M."]
[Result "1-0"]
[WhiteElo "2240"]
[BlackElo "2150"]

1.d4 Nf6 2.c4 e6 3.g3 c5 4.Nf3 b6 5.d5 Ba6 6.Nfd2 exd5 7.cxd5 Bb7 8.e4 Qc7
9.Qe2 Ba6 10.Qe3 Ng4 11.Qc3 Bxf1 12.Kxf1 Qe5 13.h3 Qxc3 14.Nxc3 Ne5 15.Ke2 g5
16.f4 gxf4 17.gxf4 Ng6 18.Nc4 Bg7 19.Nb5 Na6 20.Ncd6+ Kf8 21.a3 Bh6 22.Rf1 c4
23.Nf5 Bg7 24.Nxg7 Kxg7 25.f5 Ne5 26.Rg1+ Kf8 27.Bg5 Nd3 28.Bf6 Rg8 29.d6 Rxg1
30.Rxg1  1-0

[Event "ARG-ch"]
[Site "?"]
[Date "1989.??.??"]
[Round "8"]
[White "Glavina, Pablo"]
[Black "Giardelli, Sergio C"]
[Result "0-1"]
[WhiteElo "2365"]
[BlackElo "2430"]

1.d4 Nf6 2.c4 e6 3.g3 c5 4.d5 exd5 5.cxd5 Bd6 6.Nc3 Bc7 7.Bg2 d6 8.Nh3 O-O
9.O-O a6 10.a4 Nbd7 11.f4 Rb8 12.Qd3 Ba5 13.Ng5 b5 14.axb5 axb5 15.Nce4 c4
16.Qa3 Bb6+ 17.Kh1 h6 18.Nxf6+ Nxf6 19.Ne4 Nxe4 20.Bxe4 Re8 21.Bf3 Bh3 22.Rd1 Bf5
23.Bd2 Bc5 24.b4 Bb6 25.Re1 Be4 26.Bxe4 Rxe4 27.Qf3 f5 28.g4 Qh4 29.gxf5 Rbe8
30.Ra8 Bd8 31.e3 Qf6 32.Rxd8 Qxd8 33.Bc3 Qd7 34.f6 Qf5 35.Qg2 g6 36.Qd2 Qh5
37.Bd4 Qxd5 38.Kg1 Qxd4  0-1

[Event "AUT-ch"]
[Site "?"]
[Date "1989.??.??"]
[Round "1"]
[White "Hoelzl, Franz"]
[Black "Fauland, Alexander"]
[Result "0-1"]
[WhiteElo "2350"]
[BlackElo "2450"]

1.d4 Nf6 2.c4 e6 3.g3 c5 4.Nf3 cxd4 5.Nxd4 Nc6 6.Bg2 Qb6 7.Nc2 d5 8.O-O Be7
9.cxd5 exd5 10.Nc3 Be6 11.b3 O-O 12.Na4 Qa5 13.Bb2 Ne4 14.Nd4 Nxd4 15.Bxd4 Rac8
16.Qd3 Rfd8 17.Rac1 b5 18.Nc3 Nxc3 19.Rxc3 Rxc3 20.Bxc3 Qxa2 21.Bd4 Qa5 22.f4 g6
23.Qe3 Qc7 24.Rc1 Qd6 25.h3 a6 26.g4 Rc8 27.Rf1 f5 28.g5 Bf7 29.Ra1 Rc6 30.Rc1 Rxc1+
31.Qxc1 Be6 32.e3 a5 33.Qc3 b4 34.Qa1 Bd8 35.Kf2 Bb6 36.Bxb6 Qxb6 37.Qf6 Qd6
38.Qd4 Bf7 39.Bf3 Qc6 40.Qd2 Qc3 41.Qxc3 bxc3 42.Bd1 Kf8 43.Ke1 Be8 44.Bf3 Bf7
45.Kd1 d4 46.Kc2 dxe3 47.Kxc3 Ke7 48.Bd1 Kd6 49.h4 Kc5 50.Be2 Bd5 51.h5 Bf7
52.h6 Bxb3 53.Kxb3 Kd4 54.Bh5 Kd3 55.Bxg6 e2 56.Bxh7 e1=Q 57.Bxf5+ Kd4 58.h7 Qc3+
59.Ka2 Ke3 60.g6 Kd2  0-1

[Event "AUT-chT"]
[Site "?"]
[Date "1989.??.??"]
[Round "?"]
[White "Liebhart, Engelbert"]
[Black "Schoeppl, Engelbert"]
[Result "1-0"]
[WhiteElo "2230"]
[BlackElo "2315"]

1.d4 Nf6 2.c4 e6 3.g3 c5 4.Nf3 cxd4 5.Nxd4 Nc6 6.Bg2 Be7 7.Nc3 O-O 8.e4 a6
9.O-O Qc7 10.Nde2 b6 11.h3 Bb7 12.Bf4 d6 13.Qd2 Ne5 14.b3 Rac8 15.Rac1 Qb8
16.a4 Ned7 17.Rfd1 Nc5 18.Bxd6 Bxd6 19.Qxd6 Bxe4 20.Qxb8 Rxb8 21.Bxe4 Nfxe4
22.b4 Nxc3 23.Nxc3 Nb7 24.Rd7 a5 25.Rb1 Rfc8 26.Nd1 Kf8 27.Ne3 Ke8 28.Rd2 axb4
29.Rxb4 Nc5 30.Rd6 Nd7 31.Rd1 Ra8 32.Ra1 Rc5 33.Nf1 Re5 34.Ne3 Kd8 35.Kf1 Kc7
36.Nd1 Rc5 37.Nb2 Rc6 38.Rb5 Rc5 39.Rb4 Rca5 40.Rb5 Rxb5 41.cxb5 Nc5 42.Nc4 Rxa4
43.Rxa4 Nxa4 44.Ke1 Nc3 45.Na3 Kd6 46.Kd2 Ne4+ 47.Ke3 Kd5 48.g4 Nd6 49.h4 Nc4+  1-0

[Event "Belgrade op"]
[Site "Belgrade"]
[Date "1989.??.??"]
[Round "6"]
[White "Rabrenovic, Vladan"]
[Black "Govedarica, Radovan"]
[Result "1/2-1/2"]
[WhiteElo "2270"]
[BlackElo "2445"]

1.d4 Nf6 2.c4 e6 3.g3 c5 4.d5 exd5 5.cxd5 d6 6.Nc3 g6 7.Bg2 Bg7 8.Nf3 O-O
9.O-O Re8 10.Nd2 Nbd7 11.Nc4 Ne5 12.Nxe5 Rxe5 13.Bf4 Re8 14.h3 a6 15.a4 b6
16.e4 Rb8 17.Rb1 Nh5 18.Bd2 f5 19.b4 fxe4 20.Nxe4 Bf5 21.Re1 c4 22.Rc1 Bxe4
23.Rxe4 Rxe4 24.Bxe4 b5 25.Bf3 Nf6 26.h4 Qd7 27.a5 Re8 28.Bf4 Qe7 29.Bg5 h6
30.Bf4 Nd7 31.Bg4 Ne5 32.Be6+ Kh8 33.Bxe5 Bxe5 34.Qd2 Kg7 35.Qe3 Qc7 36.f4 Bf6
37.Kg2 Re7 38.g4 Qa7 39.Qg3 Qd4 40.Rf1 Qe4+ 41.Qf3 Qxf3+ 42.Kxf3 Rc7 43.Ke2 Bxh4
44.Kd2 Bf6 45.Kc2 c3 46.Rf3 g5 47.fxg5 hxg5 48.Rf2 Rc4 49.Kb3 Bd4 50.Re2 Rc7
51.Bf5 Be5 52.Kc2 Kf6 53.Re1 Rc4 54.Re4 Bd4 55.Re6+ Kf7 56.Rxd6 Rxb4 57.Rd7+ Kf6
58.Kd3 Be5 59.Ra7 Rd4+ 60.Ke3 Rxd5 61.Rxa6+ Ke7 62.Re6+ Kd8 63.Ke4 c2 64.Rc6 Rd1  1/2-1/2

[Event "Cannes op"]
[Site "Cannes"]
[Date "1989.??.??"]
[Round "?"]
[White "Sulava, Nenad"]
[Black "Palac, Mladen"]
[Result "1-0"]
[WhiteElo "2390"]
[BlackElo "2350"]

1.d4 Nf6 2.c4 e6 3.g3 c5 4.Nf3 cxd4 5.Nxd4 d5 6.Bg2 e5 7.Nf3 d4 8.O-O Nc6
9.e3 Bc5 10.exd4 exd4 11.Qe1+ Qe7 12.Qxe7+ Kxe7 13.Nbd2 Be6 14.Nb3 Bb6 15.Re1 Rhd8
16.Bf4 Kf8 17.Rxe6 fxe6 18.c5 Nd5 19.cxb6 Nxf4 20.gxf4 axb6 21.Ng5 Rd6 22.Nd2 e5
23.Nc4 Rg6 24.Be4 Rh6 25.Nxe5 Nxe5 26.fxe5 Rh4 27.Bxb7 Rg4+ 28.Kf1 Ra7 29.Ne6+ Ke7
30.Bf3 Rh4 31.Nxg7 Rxh2 32.Kg1  1-0

[Event "Copenhagen Obro op"]
[Site "Copenhagen"]
[Date "1989.??.??"]
[Round "3"]
[White "Sorensen, Torben"]
[Black "Olesen, Martin"]
[Result "0-1"]
[WhiteElo "2345"]
[BlackElo "2225"]

1.d4 Nf6 2.c4 e6 3.g3 c5 4.Nf3 cxd4 5.Nxd4 Nc6 6.Nc3 Qb6 7.Nb3 Bb4 8.Bg2 d5
9.cxd5 Nxd5 10.O-O Bxc3 11.bxc3 O-O 12.Qc2 Rd8 13.c4 Nde7 14.Be3 Qc7 15.Rfd1 e5
16.Be4 h6 17.Rxd8+ Qxd8 18.Rd1 Qe8 19.Rd6 Bg4 20.f3 Bh5 21.Bh7+ Kh8 22.Bxh6 Nc8
23.Rf6 gxf6 24.Qf5 Qd8 25.Qxh5 Kxh7 26.Nc5 Qd1+ 27.Kg2 Qxe2+ 28.Kh3 Nd4 29.Ne4 Qf1+
30.Kh4 Nxf3+ 31.Kg4 Nxh2+ 32.Qxh2 f5+ 33.Kg5 fxe4 34.Bf8+ Kg8 35.Ba3 Nb6
36.Qh4 Nd7 37.Qxe4 Qf6+ 38.Kh5 Qg6+ 39.Qxg6+ fxg6+ 40.Kxg6 e4 41.Bc1 Re8
42.Be3 Nf8+  0-1

[Event "Copenhagen Obro op"]
[Site "Copenhagen"]
[Date "1989.??.??"]
[Round "7"]
[White "Sorensen, Torben"]
[Black "Hartung Nielsen, Jens"]
[Result "1/2-1/2"]
[WhiteElo "2345"]
[BlackElo "2275"]

1.d4 Nf6 2.c4 e6 3.g3 c5 4.Nf3 cxd4 5.Nxd4 Nc6 6.Bg2 Qb6 7.Nb3 d5 8.cxd5 exd5
9.O-O Be6 10.Be3 Qd8 11.Nc3 Bb4 12.Rc1 O-O 13.a3 Be7 14.Nc5 Bxc5 15.Bxc5 Re8
16.Re1 b6 17.Be3 Rc8 18.Qa4 h6 19.Red1 Qd7 20.Rc2 Red8 21.Rcd2 Ne7 22.Qxd7 Rxd7
23.Bd4 Ne8 24.f3 Nd6 25.g4 Nc4 26.Rc2 Nd6 27.e3 Nb5 28.Kf2 Nxd4 29.exd4 g5
30.Bf1 Rdc7 31.Rdc1 Bd7 32.Ba6 Rd8 33.Re2 Be6 34.Bb5 Kg7 35.Rce1 Nc6 36.Bxc6 Rxc6
37.Nb5 a6 38.Nc3 Rc4 39.Rd2 b5 40.Kg3 Rb8 41.Re5 b4 42.Nxd5 bxa3 43.bxa3 Rd8
44.Nb4 Rcxd4 45.Rxd4 Rxd4 46.Ra5 Bc4 47.Nxa6 Rd2 48.h4 f6 49.Nc5 Bf1 50.f4 Rg2+
51.Kf3 gxh4 52.Ra7+ Kg8 53.Ne4 h3 54.Nxf6+ Kf8 55.Rh7 Ra2 56.Rxh6 Kg7 57.g5 Rxa3+
58.Ke4 Bd3+ 59.Ke5 Bg6 60.Nd5 Bf7 61.Ne7 Re3+ 62.Kd6 Rd3+ 63.Kc5 Kf8 64.Nc6 Rd5+
65.Kb6 Rf5 66.Ne5 Rxf4 67.Rxh3  1/2-1/2

[Event "Copenhagen op"]
[Site "Copenhagen"]
[Date "1989.??.??"]
[Round "10"]
[White "Holmsgaard, Henrik"]
[Black "Stempin, Pawel"]
[Result "1/2-1/2"]
[WhiteElo "2280"]
[BlackElo "2395"]

1.d4 Nf6 2.c4 e6 3.g3 c5 4.d5 exd5 5.cxd5 d6 6.Nc3 g6 7.Bg2 Bg7 8.Nf3 O-O
9.O-O Na6 10.Nd2 Nc7 11.a4 b6 12.Nc4 Ba6 13.Qb3 Bxc4 14.Qxc4 a6 15.Qh4 Nd7
16.Bg5 f6 17.Bh6 f5 18.Qf4 Ne5 19.Bxg7 Kxg7 20.Qd2 Qf6 21.b3 b5 22.f4 Nd7
23.e4 b4 24.Ne2 Rae8 25.exf5 gxf5 26.Rfe1 Re7 27.Rad1 Rfe8 28.Kf2 a5 29.Ng1 Rxe1
30.Rxe1 Rxe1 31.Kxe1 c4 32.bxc4 Nc5 33.Ne2 Nxa4 34.Qa2 Nc5 35.Qxa5 N7a6 36.Bf3 Kh6
37.Kd1 Kg6 38.Kc2 Qe7 39.Qb6 Qf6 40.Qa5 h5 41.Kb1 Qe7 42.Qb6 Kg7 43.Qa5 Qe3
44.Qd8 Qd3+ 45.Kc1 Nb3+ 46.Kb2 Qd2+ 47.Kb1 Qe1+ 48.Kb2 Qd2+ 49.Kb1 Qd3+ 50.Kb2  1/2-1/2

[Event "URS-sf Ukraine-ch"]
[Site "Kherson"]
[Date "1989.??.??"]
[Round "?"]
[White "Savchenko, Stanislav"]
[Black "Gurevich, Vladimir"]
[Result "1/2-1/2"]
[WhiteElo "2395"]
[BlackElo "2395"]

1.d4 Nf6 2.c4 e6 3.g3 c5 4.d5 exd5 5.cxd5 d6 6.Nc3 g6 7.Nf3 Bg7 8.Bg2 O-O
9.O-O Nbd7 10.a4 a6 11.Bf4 Qe7 12.a5 Rb8 13.h3 h6 14.e4 g5 15.Bc1 b5 16.axb6 Nxb6
17.Re1 Nfd7 18.Bf1 Ne5 19.Nxe5 Qxe5 20.Be3 Nd7 21.f4  1/2-1/2

[Event "Leningrad-chT"]
[Site "Leningrad"]
[Date "1989.??.??"]
[Round "?"]
[White "Savchenko, Stanislav"]
[Black "Ragozin, Evgeni"]
[Result "1-0"]
[WhiteElo "2395"]
[BlackElo "2325"]

1.d4 Nf6 2.c4 e6 3.g3 c5 4.d5 exd5 5.cxd5 d6 6.Nc3 g6 7.Bg2 Bg7 8.Nf3 O-O
9.O-O a6 10.a4 Nbd7 11.Bf4 Qe7 12.h3 Rb8 13.a5 Nh5 14.Bg5 f6 15.Bd2 f5 16.Re1 Ne5
17.Nxe5 Bxe5 18.e3 b5 19.axb6 Rxb6 20.Na4 Rb8 21.Qc2 g5 22.Bc3 g4 23.h4 Nf6
24.Bxe5 Qxe5 25.Nc3 Kh8 26.Ra4 Rf7 27.b3 Rfb7 28.Ra3 Rb4 29.Rd1 Bb7 30.Ra4 Bc8
31.Rxb4 Rxb4 32.Na4 Bd7 33.Nb2 Bb5 34.Bf1 Bxf1 35.Kxf1 Qe4 36.Qc3 Qh1+ 37.Ke2 Qf3+
38.Ke1 Kg7 39.Nc4 Kg6 40.Nxd6 h5 41.Qd3 Qh1+ 42.Kd2 Qxd5 43.Qxd5 Nxd5 44.Kc2 Nf6
45.Nc4 a5 46.Ne5+ Kg7 47.Nd3 Rb5 48.Nf4 Kf7 49.Rd6 Rb4 50.Ra6 Rb7 51.Rxa5 Ne4
52.Nd3 Rc7 53.Ra4 Kg7 54.Rc4 Ra7 55.Kb2 Rd7 56.Kc2 Ra7 57.Ra4 Rc7 58.Kb2 Rd7
59.Kc2 Rc7 60.Ra5 Kh7 61.Kb2 Kg7 62.b4 cxb4 63.Rxf5 Rd7 64.Nf4 Rd2+ 65.Kb3 Nxf2
66.Kxb4 Ne4 67.Nxh5+ Kh6 68.Re5 Rb2+ 69.Kc4 Rg2 70.Nf4 Nd6+ 71.Kd3 Rg1 72.Rh5+ Kg7
73.Rg5+ Kf7 74.Rxg4 Nf5 75.Ne2 Rd1+ 76.Ke4 Kf6 77.Rf4  1-0

[Event "Lugano op"]
[Site "Lugano"]
[Date "1989.??.??"]
[Round "8"]
[White "Dam, Ruurd"]
[Black "Kovacevic, Sinisa"]
[Result "1-0"]
[WhiteElo "2315"]
[BlackElo "2450"]

1.d4 Nf6 2.c4 e6 3.g3 c5 4.d5 exd5 5.cxd5 d6 6.Nc3 g6 7.Bg2 Bg7 8.Nf3 O-O
9.O-O Re8 10.Bf4 a6 11.a4 Qe7 12.h3 Nbd7 13.Re1 h6 14.e4 Nh7 15.a5 Ng5 16.Na4 Rb8
17.Kh2 Nxf3+ 18.Qxf3 g5 19.Bd2 Ne5 20.Qe2 Bd7 21.Nc3 g4 22.h4 c4 23.Nd1 f5
24.Ne3 f4 25.gxf4 Qxh4+ 26.Kg1 Nd3 27.Nxc4 Nxe1 28.Qxe1 Bf8 29.Bc3 Qh5 30.Qe3 Bb5
31.Qd4 Qg6 32.Ne3 Bd7 33.Qh8+ Kf7 34.e5 Bb5 35.e6+ Ke7 36.Nf5+ Kd8 37.Qf6+ Qxf6
38.Bxf6+ Be7 39.Bxe7+ Rxe7 40.Nxe7 Kxe7 41.Rc1  1-0

[Event "Lyngby op"]
[Site "Lyngby"]
[Date "1989.??.??"]
[Round "2"]
[White "Kohlweyer, Bernd"]
[Black "Michalet, Guy"]
[Result "1/2-1/2"]
[WhiteElo "2365"]
[BlackElo "2215"]

1.d4 Nf6 2.c4 e6 3.g3 c5 4.Nf3 cxd4 5.Nxd4 a6 6.Bg2 Qc7 7.b3 Bb4+ 8.Bd2 Be7
9.O-O d6 10.Bc3 Bd7 11.Bb2 Nc6 12.Nc3 Nxd4 13.Qxd4 Bc6 14.e4 Rd8 15.Rac1 Qb8
16.Rfd1 O-O 17.Qe3 Rfe8 18.h3 Rc8 19.Qe2 b6 20.Rd2 Qb7 21.a4 Red8 22.Re1 Bf8
23.Qd1 Be7 24.Kh2 h6 25.f4 Ne8 26.Qe2 Nc7 27.Qg4 Ne8 28.Red1 b5 29.axb5 axb5
30.cxb5 Bxb5 31.Nxb5 Qxb5 32.Qf3 Rb8 33.Rd3 d5 34.exd5 Rxd5 35.Rxd5 exd5
36.Rd3 Bf6 37.Rxd5  1/2-1/2

[Event "World op"]
[Site "Philadelphia"]
[Date "1989.??.??"]
[Round "2"]
[White "Leveille, Francois"]
[Black "Petursson, Margeir"]
[Result "1/2-1/2"]
[WhiteElo "2295"]
[BlackElo "2530"]

1.d4 Nf6 2.c4 e6 3.g3 c5 4.d5 exd5 5.cxd5 d6 6.Nc3 g6 7.Bg2 Bg7 8.Nf3 O-O
9.O-O a6 10.a4 Nbd7 11.Bf4 Qc7 12.h3 Rb8 13.a5 Re8 14.Ra2 h6 15.Re1 b5 16.axb6 Nxb6
17.e4 Nfd7 18.Bf1 g5 19.Bc1 c4 20.Be3 Nc5 21.Bd4 f5 22.Bxg7 Qxg7 23.Nd2 Bd7
24.exf5 Bxf5 25.Nxc4 Nxc4 26.Bxc4 Bxh3 27.Bxa6 Rf8 28.Bf1 Qf6 29.b4 Bxf1
30.bxc5 Qxc3 31.Rxf1 Qxc5  1/2-1/2

[Event "CSR-ch int"]
[Site "Prague"]
[Date "1989.??.??"]
[Round "1"]
[White "Chernin, Alexander"]
[Black "Horvath, Jozsef"]
[Result "1/2-1/2"]
[WhiteElo "2580"]
[BlackElo "2510"]

1.d4 Nf6 2.c4 e6 3.g3 c5 4.d5 exd5 5.cxd5 d6 6.Bg2 g6 7.Nc3 Bg7 8.e4 Bd7
9.Nf3 O-O 10.O-O Re8 11.Re1 Ng4 12.Bf4 Qb6 13.Qb3 Ne5 14.Nxe5 Qxb3 15.axb3 dxe5
16.Be3 Na6 17.Red1 Rec8 18.Ra5 Bf8 19.Rda1 Rab8 20.Rc1 Ra8 21.Rca1 Rab8 22.Rc1  1/2-1/2

[Event "CSR-ch int"]
[Site "Prague"]
[Date "1989.??.??"]
[Round "11"]
[White "Smejkal, Jan"]
[Black "Gruenberg, Hans Ulrich"]
[Result "1/2-1/2"]
[WhiteElo "2515"]
[BlackElo "2475"]

1.c4 Nf6 2.d4 e6 3.g3 c5 4.d5 exd5 5.cxd5 d6 6.Nc3 g6 7.Bg2 Bg7 8.Nf3 O-O
9.O-O a6 10.a4 Nbd7 11.h3 Re8 12.Re1 Ne4 13.Nxe4 Rxe4 14.Qc2 Re8 15.Bf4 Qc7
16.Nd2 Ne5 17.b4 c4 18.Ra3 Bf5 19.e4 Bd7 20.Bxe5 Bxe5 21.Qxc4 Rac8 22.Bf1 Qb6
23.Qa2 Rc3 24.Rxc3 Bxc3 25.b5 axb5 26.axb5 Qa5 27.Qxa5 Bxa5 28.Rd1 Bxd2 29.Rxd2 Rxe4
30.Kg2 Rb4 31.Rc2 Bf5 32.Rd2 Kg7 33.Be2 Kf6 34.f3 Bd7 35.Rc2 Bxb5 36.Kf2 h5
37.Bxb5 Rxb5 38.Rc7 b6 39.Rb7 g5 40.h4 gxh4 41.gxh4 Kg6 42.Ke3 Kf6 43.f4 Rxd5
44.Rxb6 Kf5 45.Rb7 f6 46.Rh7 Kg6 47.Rd7 Kf5 48.Rh7 Kg4 49.Rh6 f5 50.Rg6+ Kxh4
51.Rg5 Ra5 52.Kf3 Ra3+ 53.Kf2 Ra5 54.Kf3 Rb5 55.Kf2 Kh3 56.Rg3+ Kh2 57.Rg2+ Kh1
58.Rg1+ Kh2 59.Rg2+ Kh3 60.Rg3+ Kh4 61.Rg5 Rc5 62.Kf3 Ra5 63.Kf2  1/2-1/2

[Event "CSR-ch int"]
[Site "Prague"]
[Date "1989.??.??"]
[Round "13"]
[White "Haba, Petr"]
[Black "Bischoff, Klaus"]
[Result "1/2-1/2"]
[WhiteElo "2480"]
[BlackElo "2505"]

1.d4 Nf6 2.c4 e6 3.g3 c5 4.Nf3 cxd4 5.Nxd4 Bb4+ 6.Bd2 Be7 7.Bg2 a6 8.O-O Qc7
9.Nb3 Nc6 10.Nc3 d6 11.Rc1 Ne5 12.Na4 Bd7 13.Ba5 Qb8 14.Nb6 Ra7 15.Nd4 O-O
16.f4 Ng6 17.e4 Rd8 18.Nxd7 Rxd7 19.Bb6 Ra8 20.f5 exf5 21.Nxf5 Bd8 22.Bd4 Ne5
23.Qd2 b5 24.Qg5 Ne8 25.Nh6+ Kf8 26.Qf5 gxh6 27.c5 Raa7 28.Qxh7 Bf6 29.Rxf6 Nxf6
30.Qxh6+ Ke7 31.Qg5 Ng4 32.Rf1 Qh8 33.h3 dxc5 34.Bxc5+ Ke8 35.hxg4 Rac7 36.Qe5+ Kd8
37.Bb6 Qh2+ 38.Kxh2 Nxg4+ 39.Kg1 Nxe5 40.Bh3 Re7 41.Rf5 Nc4 42.Rd5+ Ke8 43.Rh5 Kf8
44.Bxc7 Rxc7 45.Rh8+ Kg7 46.Rc8 Re7 47.b3 Nd2 48.Ra8 Rxe4 49.Rxa6 Re1+ 50.Kf2 Ra1
51.Ra7 Kf6 52.Bg2 Ke5 53.Ra5 Ne4+ 54.Kf3 Nc3 55.a3 Rb1 56.b4 f5 57.Ke3 Rb3
58.Kd2 Ne4+ 59.Kc2 Rxg3 60.Bf1 Kd4 61.Ra8 Nd6  1/2-1/2

[Event "Ptuj"]
[Site "Ptuj"]
[Date "1989.??.??"]
[Round "7"]
[White "Podvrsnik, Marko"]
[Black "Danner, Georg"]
[Result "0-1"]
[WhiteElo "2290"]
[BlackElo "2400"]

1.d4 Nf6 2.c4 e6 3.g3 c5 4.d5 exd5 5.cxd5 d6 6.Nc3 g6 7.Bg2 Bg7 8.Nf3 O-O
9.O-O a6 10.a4 Nbd7 11.Nd2 Qc7 12.Nc4 Nb6 13.Na3 Bd7 14.h3 Rfe8 15.Qc2 Rac8
16.a5 Na8 17.Nc4 b5 18.axb6 Nxb6 19.b3 Bb5 20.Na5 Nfxd5 21.Bxd5 Bxc3 22.Qxc3 Nxd5
23.Qf3 Nb4 24.Nc4 Re6 25.Bb2 Qe7 26.Qc3 f6 27.e4 Rf8 28.Rfd1 Bc6 29.Ne3 Kg7
30.g4 h6 31.h4 Rxe4 32.g5 Rxh4 33.gxf6+ Kh7 34.Nd5 Nxd5 35.Rxd5 Bxd5 36.f3 Qe2
37.Rxa6 Rg4+  0-1

[Event "Ptuj"]
[Site "Ptuj"]
[Date "1989.??.??"]
[Round "8"]
[White "Podvrsnik, Marko"]
[Black "Rajkovic, Dusan"]
[Result "1-0"]
[WhiteElo "2290"]
[BlackElo "2500"]

1.d4 Nf6 2.c4 e6 3.g3 c5 4.d5 exd5 5.cxd5 b5 6.Bg2 d6 7.b4 cxb4 8.a3 bxa3
9.Nxa3 Bd7 10.Qb3 Be7 11.Nf3 Na6 12.Nxb5 Nc5 13.Qc4 O-O 14.Nfd4 a6 15.Nc3 Ng4
16.O-O Bf6 17.Ra3 Qb6 18.Bf4 Nd3 19.Qxd3 Bxd4 20.e3 Bc5 21.Na4 Bxa4 22.Rxa4 Bb4
23.Qf5 Nf6 24.Bg5 Bc3 25.Bxf6 Bxf6 26.Be4 Rfe8 27.Qxh7+ Kf8 28.Rb1 Qc7 29.Rc4 Qa7
30.Rbc1 g6 31.Rc7 Bg7 32.Bxg6 Rec8 33.Rxc8+  1-0

[Event "Sverdlovsk"]
[Site "Sverdlovsk"]
[Date "1989.??.??"]
[Round "?"]
[White "Rashkovsky, Nukhim N"]
[Black "Dautov, Rustem"]
[Result "0-1"]
[WhiteElo "2520"]
[BlackElo "2535"]

1.d4 Nf6 2.c4 e6 3.g3 c5 4.Nf3 cxd4 5.Nxd4 d5 6.Bg2 e5 7.Nf3 d4 8.O-O Nc6
9.e3 d3 10.Nc3 Bb4 11.Bd2 O-O 12.Nd5 Nxd5 13.cxd5 Qxd5 14.Nd4 Qd6 15.Nxc6 Bxd2
16.Nxe5 Qxe5 17.Qxd2 Rd8 18.Rfc1 Bf5 19.Rc3 Rac8 20.Bxb7 Rxc3 21.bxc3 Qb5
22.Bf3 Be6 23.a4 Qb3 24.Bd1 Qb7 25.a5 h6 26.Ra4 Qb5 27.Rd4 Rxd4 28.cxd4 Qb1
29.Kg2 Bb3 30.Bf3 Qc2 31.Qb4 d2 32.Qb8+ Kh7 33.Qxa7 Qf5 34.Qc5 Bd5 35.e4 Qxe4
36.Bxe4+ Bxe4+ 37.f3 Bd3 38.g4 d1=Q 39.d5 Qf1+ 40.Kg3 Qe1+  0-1

[Event "SWZ-ch int"]
[Site "?"]
[Date "1989.??.??"]
[Round "4"]
[White "Summermatter, Daniel"]
[Black "Keller, Dieter"]
[Result "1-0"]
[WhiteElo "2385"]
[BlackElo "2420"]

1.d4 Nf6 2.c4 e6 3.g3 c5 4.d5 exd5 5.cxd5 d6 6.Bg2 b5 7.a4 Qa5+ 8.Bd2 b4
9.Bg5 Be7 10.Nf3 h6 11.Bc1 Bb7 12.Nh4 O-O 13.Nf5 Re8 14.O-O Bf8 15.Nd2 Ba6
16.Ne3 Nbd7 17.b3 Ne5 18.Bb2 Nfg4 19.Nxg4 Nxg4 20.Re1 Be7 21.e4 Bf6 22.Bxf6 Nxf6
23.Bf1 Bxf1 24.Kxf1 Qa6+ 25.Qe2 Qc8 26.Qf3 Ng4 27.Kg2 Ne5 28.Qe2 f5 29.h3 Nf7
30.f4 fxe4 31.Nxe4 Kh8 32.Qh5 Qb7 33.Re2 Re7 34.Rae1 Rae8 35.Kf2 Qa6 36.Nd2 Qb7
37.Qf5 Rxe2+ 38.Rxe2 Rxe2+ 39.Kxe2 Qe7+ 40.Qe6 Qf6 41.Qxf6 gxf6 42.Kd3 Kg7
43.Kc4 a6 44.Ne4 f5 45.Nxc5 dxc5 46.Kxc5 Kf8 47.Kxb4 Ke7 48.Ka5 Kd6 49.Kxa6 Ng5
50.fxg5 hxg5 51.Kb5  1-0

[Event "Tel Aviv-A"]
[Site "Tel Aviv"]
[Date "1989.??.??"]
[Round "3"]
[White "Manor, Ilan"]
[Black "Levitt, Jonathan"]
[Result "1-0"]
[WhiteElo "2425"]
[BlackElo "2495"]

1.d4 Nf6 2.c4 e6 3.g3 c5 4.d5 exd5 5.cxd5 d6 6.Nc3 g6 7.Bg2 Bg7 8.Nf3 O-O
9.O-O Re8 10.Re1 a6 11.a4 Ne4 12.Nxe4 Rxe4 13.Qc2 Re8 14.e4 Nd7 15.Bf4 Qc7
16.Rad1 Rb8 17.b4 c4 18.a5 b5 19.Be3 Ne5 20.Nxe5 Bxe5 21.f4 Bg7 22.Bd4 Bxd4+
23.Rxd4 Qa7 24.Qc3 Rb7 25.Kh1 Rbe7 26.Rd2 Qc7 27.h3 Qd8 28.Kh2 Rc7 29.e5 Rce7
30.Rde2 Bf5 31.g4 Bd3 32.Re3 g5 33.e6 gxf4 34.exf7+ Kxf7 35.Re6 Kg8 36.Qd4 Rxe6
37.dxe6 Qe7 38.Qxf4 Rf8 39.Qd4 Bg6 40.Kg3 Qf6 41.Qxf6 Rxf6 42.Bc6 d5 43.Bxd5 Be8
44.Be4 Kg7 45.Bf5 h5 46.Rd1 Kf8 47.Rd6 Ke7 48.Rxa6 c3 49.Ra8 Bc6 50.Rc8 Kd6
51.Rxc6+  1-0

[Event "Uzes op"]
[Site "Uzes"]
[Date "1989.??.??"]
[Round "5"]
[White "Bourquin, Pascal"]
[Black "Michalet, Guy"]
[Result "0-1"]
[WhiteElo "2070"]
[BlackElo "2215"]

1.d4 Nf6 2.c4 e6 3.g3 c5 4.d5 b5 5.Bg2 Bb7 6.e4 bxc4 7.Ne2 exd5 8.exd5 d6
9.O-O Be7 10.Nec3 O-O 11.Nd2 Ba6 12.Re1 Re8 13.Nde4 Nbd7 14.Qa4 Qb6 15.Nxf6+ Nxf6
16.Bg5 Kf8 17.Qc2 h6 18.Bxf6 Bxf6 19.Qh7 g6 20.Qxh6+ Bg7 21.Qd2 Rab8 22.Rab1 Rxe1+
23.Qxe1 Qb4 24.Rc1 Qxb2 25.Rb1 Bxc3 26.Rxb2 Bxb2 27.Be4 c3 28.h4 Re8 29.Qb1 Bc8
30.Bd3 Re5 31.Bxg6 fxg6 32.Qxg6 Ke7 33.h5 Bf5 34.Qg7+ Kd8 35.Qb7 c2 36.Qb8+ Ke7
37.Qxb2 Re1+ 38.Kh2 c1=Q 39.Qg7+ Kd8 40.Qf8+ Kc7 41.Qxf5 Rh1+ 42.Kg2 Qf1+
43.Kf3 Qd1+ 44.Kg2 Rxh5 45.Qf7+ Kb6 46.f3 Qxd5 47.Qf8 Qxa2+ 48.Kg1 Qb1+ 49.Kg2 Qc2+
50.Kg1 Qd1+ 51.Kg2 Qd2+ 52.Kg1 Re5 53.Qb8+ Kc6 54.Qa8+ Kb5 55.Qb7+ Kc4 56.Qa6+ Kd5
57.Qa2+ Qxa2  0-1

[Event "Adelaide op"]
[Site "Adelaide"]
[Date "1990.??.??"]
[Round "5"]
[White "Ginting, Nasib"]
[Black "Ginat, Michael"]
[Result "1-0"]
[WhiteElo "2385"]
[BlackElo "2230"]

1.d4 Nf6 2.c4 e6 3.g3 c5 4.Nf3 cxd4 5.Nxd4 Qc7 6.Nc3 a6 7.Qd3 d6 8.Bg2 Be7
9.O-O O-O 10.b3 Nbd7 11.Rd1 Rd8 12.Bb2 Ne5 13.Qd2 Bd7 14.Rac1 Rab8 15.h3 Be8
16.e4 Nfd7 17.Kh1 Nc5 18.Qe2 Bf8 19.f4 Nc6 20.Nxc6 bxc6 21.Rd2 a5 22.Ba3 Na6
23.Rcd1 Nb4 24.Bb2 a4 25.Nxa4 Nxa2 26.c5 Nb4 27.Qg4 g6 28.Nb6 Rxb6 29.cxb6 Qxb6
30.Qg5 Bg7 31.Bxg7 Kxg7 32.Rxd6 f6 33.Qg4 Rxd6 34.Rxd6 Bf7 35.Rd7 c5 36.e5 Nd5
37.Bxd5 f5 38.Qh4  1-0

[Event "Bern zt"]
[Site "Bern"]
[Date "1990.??.??"]
[Round "8"]
[White "Manor, Ilan"]
[Black "Wahls, Matthias"]
[Result "0-1"]
[WhiteElo "2450"]
[BlackElo "2565"]

1.d4 Nf6 2.c4 e6 3.g3 c5 4.d5 exd5 5.cxd5 d6 6.Nc3 g6 7.Bg2 Bg7 8.Nf3 a6
9.a4 O-O 10.O-O Nbd7 11.Bf4 Qe7 12.a5 Ng4 13.Na4 Rb8 14.Rc1 h6 15.Bd2 b5
16.axb6 Nxb6 17.b4 cxb4 18.h3 Ne5 19.Nxe5 Qxe5 20.Bf4 Qf6 21.Nc5 Re8 22.Ne4 Rxe4
23.Bxe4 Bxh3 24.Re1 Bd7 25.Rc7 Bb5 26.Qb1 a5 27.Ra7 Nc4 28.Rc1 Qd4 29.Re7 Bf8
30.Rc7 Na3 31.Rd1 Nxb1 32.Rxd4 Nc3 33.Kg2 Nxe2 34.Rd2 Nxf4+ 35.gxf4 b3 36.f5 gxf5
37.Bxf5 a4 38.Rd4 a3 39.Rf4 Bg7 40.Rc3 Be2 41.Ra4 Bxc3  0-1

[Event "Noviki-A"]
[Site "Budapest"]
[Date "1990.??.??"]
[Round "3"]
[White "Horvath, Jozsef"]
[Black "Roeder, Mathias"]
[Result "1-0"]
[WhiteElo "2525"]
[BlackElo "2450"]

1.d4 Nf6 2.c4 e6 3.g3 c5 4.Nf3 cxd4 5.Nxd4 d5 6.Bg2 e5 7.Nb5 d4 8.f4 Nc6
9.fxe5 Bb4+ 10.Bd2 Bxd2+ 11.Qxd2 Nxe5 12.N1a3 d3 13.O-O a6 14.Nc3 O-O 15.exd3 Nxd3
16.Kh1 Nc5 17.Qe3 Qb6 18.Nd5 Nxd5 19.cxd5 Bd7 20.Rac1 Rac8 21.Nc4 Qg6 22.Ne5 Rfe8
23.Rxc5 Rxc5 24.Qxc5 Rxe5 25.Qc7 Re2 26.Qxd7 h6 27.d6  1-0

[Event "Spring op"]
[Site "Budapest"]
[Date "1990.??.??"]
[Round "8"]
[White "Gleizerov, Evgeny"]
[Black "Shestoperov, Aleksej"]
[Result "1/2-1/2"]
[WhiteElo "2470"]
[BlackElo "2365"]

1.d4 Nf6 2.c4 e6 3.g3 c5 4.d5 exd5 5.cxd5 d6 6.Nc3 g6 7.Nf3 Bg7 8.Bg2 O-O
9.O-O a6 10.a4 Nbd7 11.Bf4 Qe7 12.a5 Ng4 13.Bg5 f6 14.Bd2 b5 15.axb6 Nxb6
16.h3 Nh6 17.b4 cxb4 18.Na4 Nxa4 19.Rxa4 a5 20.Bxb4 Ba6 21.Rxa5 Bxe2 22.Re1 Bxd1
23.Rxe7 Rxa5 24.Bxa5 Bxf3 25.Bxf3 f5 26.Be2 f4 27.gxf4 Rxf4 28.Bd2 Rf7 29.Re6 Nf5
30.Bg4 Bd4 31.Be1  1/2-1/2